Чемпионы КВН - Армагеддон - Statistics

General Stats
  • This quiz has been taken 163 times
  • The average score is 11 of 28
Answers on the Grid
Answers color-coded by a green-red scale on the quiz's grid according to % correct below.
Одесские джентльмены
Парни из Баку
Станция Спортивная
ХАИ
Полиграф Полиграфыч
Эскадрон гусар
Парапапарам
Махачкалинские бродяги
Сборная Физтеха
Новые армяне
Громокошки
Хара Морин
Минское море
Дети лейтенанта Шмидта
БГУ
Уральские пельмени
НАТЕ
УЕздный город
Сборная Санкт-Петербурга
Утомлённые солнцем
Пирамида
Сборная Пятигорска
ГородЪ ПятигорскЪ
Сега Мега Драйв 16 бит
Нарты из Абхазии
Сборная малых народов
Мегаполис
РУДН
СТЭПиКо
Обычные люди
Ботанический сад
МаксимуМ
ПриМа
Фёдор Двинятин
СОК
95-й квартал
Парма
Триод и Диод
Плохая компания
Союз
Одесские мансы
Азия MIX
Кефир
Сборная Камызякского края
Вятка
Четыре татарина
Русская дорога
Имени меня
Раисы
Незолотая молодёжь
 
Answer Stats
Answer % Correct
Парни из Баку
61%
Одесские джентльмены
59%
Уральские пельмени
59%
ГородЪ ПятигорскЪ
54%
РУДН
48%
Сборная Камызякского края
46%
Сборная Пятигорска
44%
БГУ
43%
СОК
43%
Союз
43%
Утомлённые солнцем
41%
Раисы
41%
Триод и Диод
39%
Новые армяне
38%
Обычные люди
38%
Азия MIX
38%
ХАИ
37%
Русская дорога
37%
Дети лейтенанта Шмидта
35%
УЕздный город
35%
МаксимуМ
34%
Вятка
32%
Нарты из Абхазии
30%
Мегаполис
30%
ПриМа
30%
Махачкалинские бродяги
29%
Эскадрон гусар
28%
Имени меня
26%
No matching quizzes found
Score Distribution
Percent of People with Each Score
Percentile by Number Answered
Your Score History
You have not taken this quiz